00564nam a2200217Ia 4500003000400000005001700004008004100021020001500062040001800077041000800095082002200103100002100125245006300146250000600209260003300215300001200248650001500260700002300275700002600298700002200324OSt20260128101641.0210716s2000 xx 000 0 und d a0071169342 cAIMIT LIBRARY aeng a658.049 24bBEAP aBeamish, Paul W. aInternational management: text and cases.bText and cases. a1 aNew DelhibMcGraw Hillc2000 axiv,626 aMANAGEMENT aMorrison, Allen J. aRosenzweig, Philip M. aInkpen, Andrew C.